| 000 | 00343nam a22001217a 4500 | ||
|---|---|---|---|
| 082 | _a808.066 GOD'T | ||
| 100 |
_aGODFERY, J. W _977995 |
||
| 245 | _aTHE TECHNICAL WRITER.AN AID TO THE PRESENTATION AND PRODUCTION OF TECHNICAL LITERATURE | ||
| 260 |
_aLONDON _bCHAPMAN & HALL _c1960 |
||
| 300 | _a340P | ||
| 700 |
_aPARR, G _977996 |
||
| 942 | _cBK | ||
| 999 |
_c583159 _d583159 |
||